000 01085nas a22003257a 4500
005 20220329143032.0
008 001017u1968 us qr pernn 0 b1eng d
010 _a91009
011 _a91981
022 _a0361-5367
035 _a102544
245 0 0 _aNew York's Food and Life Sciences
260 0 _aIthaca, N.Y.:
_bCornell University Agricultural Experiment Station at Ithaca
_c1968-
300 _av.
310 _aTrimestral
362 _av.18 n.4,1988
590 _aBATCH-UPD
_b10
_c20130110
_lUCH01
_h0454
590 _aBATCH-UPD
_b10
_c20130410
_lUCH01
_h0132
590 _aBATCH-UPD
_b10
_c20130410
_lUCH01
_h1629
590 _aBATCH-UPD
_b10
_c20130914
_lUCH01
_h0209
590 _aCONVERSION
_b10
_c20130109
_lUCH01
_h1350
650 1 4 _aAlimentos
_xPublicaciones periodicas.
_94273
650 1 4 _aFruta
_xPublicaciones periódicas.
_943655
650 1 4 _aLegumbres
_xPublicaciones periódicas.
_965778
866 _av.16 n.1-4 (1985-1986)
866 _av.17 n.1-4 (1987)
866 _av.18 n.3-4 (1988)
901 _aSE
905 _aAraceli Hernández Gómez.
999 _c91009
_d91009